Silencio en Milán /

Guardado en:
Detalles Bibliográficos
Autor principal: Ortese, Anna Maria (autor)
Formato: Libro
Idioma:Español
Publicado: Barcelona, España : Editorial Minúscula, 2012, c2012
Colección:(Paisajes Narrados ; 50)
Temas:
Etiquetas: Agrega una etiqueta
Sin etiquetas, Sé el primero en etiquetar este registro!

MARC

LEADER 00000nam^a2200000^a^4500
001 000343223
005 20250521000000.0
009 20260310114614.354
020 |a 978-84-95587-87-9 
037 |a Acervo ITESO - Biblioteca 
041 |a ESP 
082 |a 808. 83932  |b PAI V. 50 
100 |a Ortese, Anna Maria  |e (autor) 
245 1 0 |a Silencio en Milán /  |c A.M. Ortese ; tr. por César Palma. 
264 4 |a Barcelona, España :  |b Editorial Minúscula,  |c 2012, c2012 
300 |a 165 p. 
336 |a texto  |b txt  |2 rdacontenido 
337 |a sin mediación  |b n  |2 rdamedio 
338 |a volumen  |b nc  |2 rdasoporte 
440 1 |a (Paisajes Narrados ;  |v 50) 
500 |a Traducción de: Silenzio a Milano 
649 |a XX 
650 |a Escritores Italianos -  |x Memorias 
650 |a Mujeres Italianas -  |x Memorias 
650 |a Memorias Italianas 
650 |a Crónicas Italianas 
650 |a Novela Italiana 
650 |a Literatura Italiana -  |y Siglo XX 
650 |a Literatura Autobiográfica -  |z Italia 
650 |a Literatura de Mujeres -  |z Italia 
650 |a Milán, Italia (Ciudad) -  |x Tema Principal 
650 |a Milán, Italia (Ciudad) en la Literatura 
650 |a Italia en la Literatura 
910 |a Fondo General 
920 |a Impresos - Libros 
930 |a Colección General 
940 |a Literatura 
905 |a 101 
901 |a 0500233689  |b IT1  |c LIT  |i C141264  |u 20250521 
902 |a https://opac.biblio.iteso.mx/vufind/Record/000343223